| 000 | 03548cgm a2200805Ia 4500 | ||
|---|---|---|---|
| 001 | 82763 | ||
| 005 | 20230410123857.0 | ||
| 007 | vd bvaizm | ||
| 008 | 851008s2002 nyu088 vljpn d | ||
| 035 | _a(OCoLC)ocm61738315 | ||
| 040 |
_aLGG _cLGG _dBTCTA _dUBF _dOCLCQ _dYDXCP _dOCLCQ _dOCLCG _dOCLCQ _dOCLCG _dOCLCA _dOCLCG _dAU@ _dOCLCQ |
||
| 020 | _a0780024591 | ||
| 020 | _a9780780024595 | ||
| 028 | 4 | 2 |
_aRAS040 _bCriterion Collection |
| 029 | 1 |
_aAU@ _b000023676852 |
|
| 035 | _a(OCoLC)61738315 | ||
| 041 | 1 |
_ajpn _beng |
|
| 043 | _aa-ja--- | ||
| 050 | 1 | 4 | _aCM DVD 01205 |
| 082 | 0 | 4 |
_a791.4372 _222 |
| 049 | _aGRAL | ||
| 130 | 0 | _aRashåomon (Motion picture) | |
| 245 | 1 | 0 |
_aRashomon _h[videorecording] / _c[Daiei Co. ; produced by Jingo Minoura ; scenario by Akira Kurosawa, Shinobu Hashimoto ; directed by Akira Kurosawa]. |
| 246 | 1 | 4 | _aAkira Kurosawa's Rashomon |
| 246 | 1 |
_iAlso known as: _aIn the woods |
|
| 246 | 3 | _aRasho-Mon | |
| 260 |
_a[Irvington, NY] : _bCriterion Collection, _cc2002. |
||
| 300 |
_a1 videodisc (88 min.) : _bsd., b&w ; _c4 3/4 in. |
||
| 490 | 1 |
_aCriterion collection ; _v138 |
|
| 490 | 1 | _aClassic collection | |
| 538 | _aDVD format; Dolby digital mono. | ||
| 546 | _aSoundtracks in Japanese or English; English subtitles. | ||
| 500 | _a1.33:1 aspect ratio; RSDL dual layer; high definition transfer with restored image and sound. | ||
| 500 | _aBased on In a bush by Ryåunosuke Akutagawa. | ||
| 500 | _aOriginally issued as a motion picture in 1950 by Daiei, Japan. | ||
| 500 | _aSpecial features include: commentary by Japanese-film historian Donald Richie; video introduction by Robert Altman; excerpts from The world of Kazuo Miyagawa (cinematographer); reprints from Rashomon source stories, Ryunosuke Akutagawa's "In a bush" and "Rashomon"; excerpt about Rashomon from Kurosawa's book "Something like an autobiography"; theatrical trailer. | ||
| 508 | _aDirector, Akira Kurosawa ; writers, Akira Kurosawa, Shinobu Hashimoto. | ||
| 511 | 1 | _aToshiro Mifune, Machiko Kyo, Masayuki Mori, Takashi Shimura, Minoru Chiaki. | |
| 520 | _aSet in the Middle Ages, the nature of truth and subjective reality are probed in a series of flashbacks from four viewpoints to present the case history of a man's murder and the rape of his wife by a bandit. | ||
| 650 | 0 |
_aMurder _zJapan _vDrama. |
|
| 650 | 0 |
_aRape _zJapan _vDrama. |
|
| 650 | 0 |
_aSamurai _zJapan _vDrama. |
|
| 650 | 0 |
_aSubjectivity _vDrama. |
|
| 650 | 0 |
_aMemory _vDrama. |
|
| 650 | 0 |
_aFeature films _zJapan. |
|
| 650 | 0 | _aForeign films. | |
| 650 | 0 | _aMotion pictures, Japanese. | |
| 650 | 4 | _aCine Japonés (inglés) | |
| 700 | 1 | _aMinoura, Jingo. | |
| 700 | 1 |
_aKurosawa, Akira, _d1910-1998. |
|
| 700 | 1 |
_aKyo, Machiko, _d1924- |
|
| 700 | 1 |
_aMifune, Toshiråo, _d1920-1997. |
|
| 700 | 1 |
_aMori, Masayuki, _d1911-1973. |
|
| 700 | 1 |
_aMiyagawa, Kazuo, _d1908-1999. |
|
| 700 | 1 |
_aShimura, Takashi, _d1905-1982. |
|
| 700 | 1 |
_aChiaki, Minoru, _d1917-1999. |
|
| 700 | 1 |
_aUeda, Kichijiråo, _d1904-1972. |
|
| 700 | 1 | _aHonma, Fumiko. | |
| 700 | 1 |
_aKatåo, Daisuke, _d1911-1975. |
|
| 700 | 1 |
_aAkutagawa, Ryåunosuke, _d1892-1927. _tYabu no naka. |
|
| 710 | 2 | _aDaiåe, Kabushiki Kaisha. | |
| 710 | 2 | _aCriterion Collection (Firm) | |
| 710 | 2 | _aHome Vision (Firm) | |
| 830 | 0 |
_aCriterion collection (DVD videodiscs) ; _v138. |
|
| 830 | 0 | _aClassic collection (Chicago, Ill.) | |
| 938 |
_aBaker and Taylor _bBTCP _nbe2002005126 |
||
| 938 |
_aYBP Library Services _bYANK _n1854104 |
||
| 942 |
_2lcc _cdvd |
||
| 994 |
_aC0 _bDRFGD |
||
| 999 |
_c67614 _d67614 |
||